000 00309nam a2200133Ia 4500
008 210312s9999||||xx |||||||||||||| ||und||
041 _aosm
050 _aDR590
050 _bI44
100 _aCelal Nuri İleri
245 0 _aTürk inkilabı
260 _c1926
650 _aTarih--Türkiye--Devrim, 1918-1923
999 _c22138
_d22138